Welcome to CU Library Online Public Access Catalogue (OPAC)

The Cervical spine / (Record no. 3766)

MARC details
000 -LEADER
fixed length control field 00729cam a2200217 a 4500
001 - CONTROL NUMBER
control field 4328401
005 - DATE AND TIME OF LATEST TRANSACTION
control field 20250209162738.0
008 - FIXED-LENGTH DATA ELEMENTS--GENERAL INFORMATION
fixed length control field 880902s1989 paua b 001 0 eng
020 ## - INTERNATIONAL STANDARD BOOK NUMBER
International Standard Book Number 0397508271
050 10 - LIBRARY OF CONGRESS CALL NUMBER
Classification number RD531
Item number .C47 1989
082 00 - DEWEY DECIMAL CLASSIFICATION NUMBER
Classification number 616.7/3
Edition information 19
245 04 - TITLE STATEMENT
Title The Cervical spine /
Statement of responsibility, etc. the Cervical Spine Research Society, Editorial Committee.
250 ## - EDITION STATEMENT
Edition statement 2nd ed.
260 ## - PUBLICATION, DISTRIBUTION, ETC.
Place of publication, distribution, etc. Philadelphia :
Name of publisher, distributor, etc. J. B. Lippincott,
Date of publication, distribution, etc. c1989.
300 ## - PHYSICAL DESCRIPTION
Extent xxvi, 881 p. :
Other physical details ill. ;
Dimensions 27 cm.
650 #0 - SUBJECT ADDED ENTRY--TOPICAL TERM
Topical term or geographic name entry element Cervical vertebrae
General subdivision Diseases.
650 #0 - SUBJECT ADDED ENTRY--TOPICAL TERM
Topical term or geographic name entry element Cervical vertebrae
General subdivision Abnormalities.
650 #0 - SUBJECT ADDED ENTRY--TOPICAL TERM
Topical term or geographic name entry element Cervical vertebrae
General subdivision Wounds and injuries.
710 2# - ADDED ENTRY--CORPORATE NAME
Corporate name or jurisdiction name as entry element Cervical Spine Research Society.
Subordinate unit Editorial Committee.
942 ## - ADDED ENTRY ELEMENTS (KOHA)
Source of classification or shelving scheme Library of Congress Classification
Koha item type Books
Edition 2nd ed.
Suppress in OPAC No
999 ## -
-- 3766
-- 3766
Holdings
Withdrawn status Lost status Source of classification or shelving scheme Damaged status Not for loan Collection Home library Current library Shelving location Date acquired Total checkouts Full call number Barcode Date last seen Copy number Price effective from Koha item type
    Library of Congress Classification     Non-fiction Science Library (Miotso) Science Library (Miotso) General stacks 02/09/2025   RD531 .C47 CER SLM00003418 02/09/2025 1 02/09/2025 Books
© 2023-2024 Copyright: Central University Libraries. All Rights Reserved | Created by: Mahone Tech Office